Finnish-English Name Dictionary Quiz Stats

 Plays Quiz Updated Oct 6, 2013

Support Sporcle.
Go Orange.
Score 0/44 Timer 15:00
2 Plays Today
% Correct
Aleksanteri
93.8%
Nooa
93.5%
Sohvi
93.4%
Rikhard
93.4%
Raakel
93.4%
Aatami
93.3%
Simo
93.3%
Samuli
93.1%
Alpertti
93.1%
Helka
92.8%
Tuomo
92.5%
Katariina
92.5%
Loviisa
92.5%
Aliisa
92.4%
Markku
92.4%
Jaakko
92.1%
Inkeri
91.9%
Viljami
91.9%
Artturi
91.8%
Paavo
91.7%
Roope
91.7%
Valtteri
91.6%
% Correct
Antero
91.4%
Iisakki
91.3%
Martti
90.2%
Eleonoora
89.5%
Juuso
89.4%
Jarmo
88.4%
Maarit
88.1%
Eero
85.9%
Lassi
83.6%
Kaarlo
83.6%
Taneli
82.4%
Janne
81.8%
Kerttu
80.6%
Piritta
80.2%
Eelis
79.7%
Heikki
77.2%
Taavetti
76.8%
Eetu
76.6%
Pekka
66.9%
Yrjö
63.9%
Elina
63.5%
Vilppu
63.4%

From the Vault

Profile: Catelyn Stark

by PrincessMartell

A George R.R. Martin character? Let's guess...she's dead? Shocking.
Remove Ads.
Support Sporcle.
Get the best of Sporcle when you Go Orange. This ad-free experience offers more features, more stats, and more fun while also helping to support Sporcle. Thank you for becoming a member.

Show Comments

Extras

Top Quizzes Today


Score Distribution

Your Account Isn't Verified!

In order to create a playlist on Sporcle, you need to verify the email address you used during registration. Go to your Sporcle Settings to finish the process.

Report this User

Report this user for behavior that violates our Community Guidelines.

Details: